00280nam a2200121Ia 4500008004100000082001600041100001800057245002200075250000800097260003700105300000800142650000800150191201s2005 xx 000 0 und d a658.87bHAC aHAWKINS, Dell 0aConsumer Behavior a6th aN.DelhibTata mc Graw Hillc2005 a789 aMBA